Normal view
MARC view
- Matinuddin, Kamal (Retd) Lt Gen
Entry Personal Name
001 - CONTROL NUMBER
- control field: 63776
003 - CONTROL NUMBER IDENTIFIER
- control field: NUST
005 - DATE AND TIME OF LATEST TRANSACTION
- control field: 20210628203156.0
008 - FIXED-LENGTH DATA ELEMENTS
- fixed length control field: 210628|| aca||aabn | a|a d
040 ## - CATALOGING SOURCE
- Original cataloging agency: NUST
- Transcribing agency: NUST
100 ## - HEADING--PERSONAL NAME
- Personal name: Matinuddin, Kamal (Retd) Lt Gen
670 ## - SOURCE DATA FOUND
- Source citation: Work cat.: (NUST): Matinuddin, Kamal (Retd) Lt Gen, Power struggle in the hindu kush afghanistan (1978-1991), 1991
